000 00418nam a2200169Ia 4500
008 100422t2007 xxu||||| |||| 00| 0 sin d
041 _asin
080 _aX8S31
_bWIJ
100 _aWijayasingha, Samaraweera
245 _aස්වයංජාත
246 _aSvayanjatha
260 _bSuriya
_aColombo
_c2007
300 _a272p., 21 cm
942 _cBK
999 _c72947
_d72947
003 LK-CoDNM
040 _aLK-CoDNM
_dLK-CoDNM
_eLK-CoDNM